THE CONTRIPUTION TO THE CRITIQUE OF POLETICAL ECOOMICS (Record no. 4352)

MARC details
000 -LEADER
fixed length control field 00377nam a22001577a 4500
003 - CONTROL NUMBER IDENTIFIER
control field OSt
005 - DATE AND TIME OF LATEST TRANSACTION
control field 20210916104127.0
008 - FIXED-LENGTH DATA ELEMENTS--GENERAL INFORMATION
fixed length control field 210916b |||||||| |||| 00| 0 eng d
040 ## - CATALOGING SOURCE
Transcribing agency HU
082 ## - DEWEY DECIMAL CLASSIFICATION NUMBER
Classification number 330
100 ## - MAIN ENTRY--PERSONAL NAME
Personal name KARL MARX
9 (RLIN) 4270
245 ## - TITLE STATEMENT
Title THE CONTRIPUTION TO THE CRITIQUE OF POLETICAL ECOOMICS
260 ## - PUBLICATION, DISTRIBUTION, ETC.
Place of publication, distribution, etc. MOSSCO
Name of publisher, distributor, etc. EII
Date of publication, distribution, etc. 1977
300 ## - PHYSICAL DESCRIPTION
Extent 263
942 ## - ADDED ENTRY ELEMENTS (KOHA)
Source of classification or shelving scheme Dewey Decimal Classification
Koha item type Books like text book referance book
Suppress in OPAC No
Holdings
Withdrawn status Lost status Source of classification or shelving scheme Damaged status Not for loan Home library Current library Shelving location Date acquired Total Checkouts Full call number Barcode Date last seen Copy number Price effective from Koha item type
    Dewey Decimal Classification     College of Business and Economics Library College of Business and Economics Library General Stacks 09/16/2021   330/MAR MBELIB00000149 09/16/2021 1 09/16/2021 Books like text book referance book
    Dewey Decimal Classification     College of Business and Economics Library College of Business and Economics Library General Stacks 09/16/2021   330/mar MBELIB000000151 09/16/2021 4 09/16/2021 Books like text book referance book
    Dewey Decimal Classification     College of Business and Economics Library College of Business and Economics Library General Stacks 09/16/2021   330/mar MBELIB000000152 09/16/2021 5 09/16/2021 Books like text book referance book
    Dewey Decimal Classification     College of Business and Economics Library College of Business and Economics Library General Stacks 09/16/2021   330/mar MBELIB000000153 09/16/2021 6 09/16/2021 Books like text book referance book
    Dewey Decimal Classification     College of Business and Economics Library College of Business and Economics Library General Stacks 09/16/2021   330/mar MBELIB000000154 09/16/2021 7 09/16/2021 Books like text book referance book